000 00535nam a22001817a 4500
003 CEME
005 20210628202231.0
008 210210b xxu||||| |||| 00| 0 eng d
020 _a0-471-61447-5
040 _c.
082 _a621.313 KLE
100 _aKlempner , Geoff ,Kerszenbaum , Isidor
_958907
245 _aOperation and maintenanice of large turbo generators
260 _aNEW JERSEY
_bJOHN WILEY
_c2004
300 _aXXIII,560P
650 _aOPERATION AND MAINTENANICE OF LARGE TURBO GENERATORS
_958908
942 _cBK
_2ddc
999 _c568985
_d568985